00692nam a2200181 a 450000100100000000500170001000800410002704000250006811000930009324500540018626000690024030000270030949000180033683000250035404900090037995201050038899900170049300002597320200930024209.0110225s1999 dr a 000 0 spa d aDO-SdBNPbspacBNPHU1 aRepública DominicanabComisión Presidencial de Apoyo al Desarrollo Provincial95286710aConsejos de desrrollo provincial :breglamento /. aSanto Domingo :bImprenta la Unión,c1999.fImpresora Germán a43 p. :bil. ;c23 cm.1 aProvinciasv1 0aProvinciasv1945125 aBNPD 0010718PDaPDbPDcCTd2011-02-25iLF1l0o p25973-10r2020-06-25w2020-06-25yLFPDZNo se presta c25465d25465